00415 2200169 4500245005400000020002200054250001100076100002300087700001600110650001400126005001900140260003200159041001400191084001000205300002100215336000900236 aKreasi Tetarium PopulercHani Mulya SasmitahText a978-602-7560-82-6 aCet. 1 aHani Mulya Sasmita aMekar Meina aResep Kue a20230210145436 aJakartabDunia Kreasic2013 aIndonesia a641.5 a74 hlm. :cilus. atext